Maintenance systems for the dairy plant / (Record no. 12876)

000 -LEADER
fixed length control field 00452nam a2200157 a 4500
020 ## - INTERNATIONAL STANDARD BOOK NUMBER
ISBN 9251014485 (pbk.)
040 ## - CATALOGING SOURCE
Transcribing agency DLC
082 00 - DEWEY DECIMAL CLASSIFICATION NUMBER
Classification number 637 FOO 1984 A043 Or.
100 1# - MAIN ENTRY--AUTHOR NAME
Personal name Hall, H. S.
245 10 - TITLE STATEMENT
Title Maintenance systems for the dairy plant /
260 ## - PUBLICATION, DISTRIBUTION, ETC. (IMPRINT)
Place of publication Rome :
Name of publisher Food and Agriculture Organization of the United Nations,
Year of publication 1984.
300 ## - PHYSICAL DESCRIPTION
Number of Pages vii, 73 p. :
Other physical details ill. ;
Dimensions 30 cm.
650 #0 - SUBJECT ADDED ENTRY--TOPICAL TERM
Topical Term Dairy plants
700 1# - ADDED ENTRY--PERSONAL NAME
Personal name Tuszyński, Wojciech.
942 ## - ADDED ENTRY ELEMENTS (KOHA)
Koha item type សៀវភៅភាសាអង់គ្លេស
952 ## - LOCATION AND ITEM INFORMATION (KOHA)
Withdrawn status [LOCAL, KOHA] 0
Holdings
Permanent Location Date acquired Koha item type Lost status Shelving location Barcode Current Location Full call number
Library Block A2017-08-17សៀវភៅភាសាអង់គ្លេស A043A19142Library Block A637 FOO 1984 A043 Or.
មជ្ឈមណ្ឌលឯការនៃសាកលវិទ្យាល័យភូមិន្ទកសិកម្មចំការដូង

Powered by Koha